00362pab a2200133 454500008004000000100002000040245005400060260000900114300001400123650002800137650001000165700001400175773003900189180718b2007 xxu||||| |||| 00| 0 eng d aChoudhury, Anju aFocusing regional crop yield variation in Manipur c2007 ap.97-104. aCrops - India - Manipur aCrops aMitra, A. aIndian Journal of Regional Science